Palau Güell Antoni Gaudí : palauguell.cat / Antoni Gaudí : palauguell.cat /

Publicado: Barcelona : Diputació de Barcelona. Palau Güell , 2015
Descripción Física: 1 ventall ; il. col. ; 20 x 20 cm.
Idioma: Catalán

MARC

LEADER 00000nrm a2200000 a 4500
001 26046
003 Arxiu
005 20260324181126.0
008 220623b spa||||| |||| 00| 0 cat d
017 |a B 13223-2015 
040 |a agdb  |b cat 
080 |a NBM-14-3 
245 |a Palau Güell  |h [Ventall] :  |b Antoni Gaudí : palauguell.cat /   |c Diputació de Barcelona 
260 |a Barcelona :  |b Diputació de Barcelona. Palau Güell ;   |c 2015 
300 |a 1 ventall ;   |b il. col. ;   |c 20 x 20 cm. 
500 |a Ventall que conté detall del plafó que corona la llar de foc de la sala de Confiança i que representa Santa Isabel, reina d'Hongria, obra d'Alexandre de Riquer. 
500 |a A la portada: Mancomunitat de Catalunya. 
610 2 0 |a Palau Güell (Barcelona)  |9 17034 
655 0 |9 52933  |a Ventalls 
710 2 |a Palau Güell (Barcelona)  |9 17034 
710 1 |a Barcelona (Catalunya : Província).  |b Diputació  |9 52408 
710 2 |a Catalunya.  |b Mancomunitat  |9 53015 
942 |n 1  |c ARXIU  |2 udc 
952 |0 0  |1 0  |4 0  |6 NBM143  |7 1  |9 62526  |a Arxiu  |b Arxiu  |d 2022-06-23  |l 0  |o NBM-14-3  |p 26046  |r 2022-06-23 00:00:00  |w 2022-06-23  |y ARXIU 
999 |c 82130  |d 82130